000 01722cam a22003135i 4500
003 EG-ScBUE
005 20251209094954.0
008 161101t2015 flua f b 001 0 eng d
020 _a9781482243178
040 _aEG-ScBUE
_beng
_erda
_dEG-ScBUE
_cEG-ScBUE
082 0 4 _a547.61
_222
_bWAS
245 0 0 _aWastewater treatment :
_boccurrence and fate of polycyclic aromatic hydrocarbons (PAHs) /
_cedited by Amy J. Forsgren.
264 1 _aBoca Raton :
_bCRC Press / Taylor & Francis Group,
_c[2015]
264 4 _cc2015
300 _axiii, 246 pages :
_billustrations ;
_c24 cm.
336 _2rdacontent
_atext
_btxt
337 _aunmediated
_2rdamedia
_bn
338 _avolume
_bnc
_2rdacarrier
490 0 _aAdvances in water and wastewater transport and treatment ;
_v2
504 _aIncludes bibliographical references and index.
505 0 _aPahs in natural waters -- Quantitative changes of PAHs in water and wastewater during treamtnet processes -- Polycylic aromatic hydrocarbons in water resources ane environemntal matrices in Tunisia -- Occurrence, removal and fate of plycylic aromica hydrocarbons -- Occurrence, fate, and removal of PAHs and VOCs in WWTPS using activated sludege processes and membrane -- Bioreactors -- Pahs in wastewater and removal efficial in conventional wastewater treatment plants -- PAHs in wastewater during dry and wet weather -- In situ PAHs sensors -- PAHs in sewage sludge, soils and sediments.
590 _ashima
650 7 _aSewage
_xPurification
_xOrganic compounds removal.
_2BUEsh
650 7 _aPolycyclic compounds
_xEnvironmental aspects.
_2BUEsh
653 _bENGGEN
_cNovember2016
655 _vReading book
700 1 _aForsgren, Amy,
_eeditor.
942 _2ddc
_cBB
999 _c22972
_d22944